Veřejná diplomacie - jen módní pojem nebo skutečná změna?

Pojem verejná diplomacia. Základné charakteristiky, ktoré spoluurčujú jej ďalší vývoj. Stručný náčrt doterajšieho vývoja verejnej diplomacie. Stratégia a prvky verejnej diplomacie. Komunikačná pyramída.

Guardado en:
Detalles Bibliográficos
Autor principal: Peterková, Jana
Formato: Capítulo de libro
Lenguaje:checo
Materias:
Etiquetas: Agregar Etiqueta
Sin Etiquetas, Sea el primero en etiquetar este registro!

MARC

LEADER 00000naa$a2200000$$$4500
001 0046551
005 20231016100239.1
041 0 |a cze 
044 |a CZ 
245 1 0 |a Veřejná diplomacie - jen módní pojem nebo skutečná změna?  |c Jana Peterková 
520 |a Pojem verejná diplomacia. Základné charakteristiky, ktoré spoluurčujú jej ďalší vývoj. Stručný náčrt doterajšieho vývoja verejnej diplomacie. Stratégia a prvky verejnej diplomacie. Komunikačná pyramída. 
610 2 0 |a vzťahy neformálne 
610 2 0 |a vzťahy politické medzinárodné 
610 2 0 |a vzťahy formálne 
610 2 0 |a diplomacia 
610 2 0 |a politika zahraničná 
610 2 0 |a pojmy 
610 2 0 |a mienka verejná 
610 2 0 |a imidž 
100 1 |a Peterková, Jana